000 02376nam a2200301Ia 4500
999 _c55638
_d55638
001 22733
003 GE_BSU
005 20230504170956.0
008 181216s ||||ge |||||||||||||| ||geo||
020 _a9789941261343
040 _cGE_BSU
041 _ageo
080 _a821.512.36.1=353.1 ს-41
100 _aსენდოო, ჰადაა
_917973
245 _aხანგრძლივი მონღოლური ჰანგი :
_bლექსები /
_cჰადაა სენდოო.
264 _aთბილისი :
_bუნივერსალი,
_c2017.
300 _a194 გვ. :
_bფოტ. ;
_c20 სმ.
_e+ 9 ჩართ. ფ.
500 _aწიგნში ჩართული ფოტოები, რომლებზეც ასახულია მონღოლეთის ბუნება, გადაღებულია ავტორის მიერ, ყდის გასაფორმებლად გამოყენებულია სენდოოს ლექსი, დაწერილი მონღოლური შრიფტით
500 _aშენიშვნები : გვ. 177-179
504 _aბიბლიოგრ. : გვ. 164-168
520 _aწიგნში ჩართული ფოტოები, რომლებზეც ასახულია მონღოლეთის ბუნება, გადაღებულია ავტორის მიერ.ყდის გასაფორმებლად გამოყენებულია სენდოოს ლექსი, დაწერილი მონღოლური შრიფტით.
541 _h5ლ
653 _aMongolian long tone : Poetry
653 _aბავშვობა ; გაზაფხულის პირველი სიზმარი ; ფესვები ; კოცნა ; საზღვარი ; სანგიინ დალაი ; ჰუითენ შილი ; პასს ; მონღოლური იურტა ; ოთხი სეზონის ჩანახატი ; და სხვ..
653 _aლიტერატურა
653 _aხანგრძლივი მონღოლური ჰანგი : ლექსები
942 _cBK
_2udc